Normal view
MARC view
Entry Geographic Name
001 - CONTROL NUMBER
- control field: 49245
003 - CONTROL NUMBER IDENTIFIER
- control field: ARRUPE
005 - DATE AND TIME OF LATEST TRANSACTION
- control field: 20200131114840.0
008 - FIXED-LENGTH DATA ELEMENTS
- fixed length control field: 200131|| aca||aabn | a|a d
040 ## - CATALOGING SOURCE
- Original cataloging agency: ARRUPE
- Transcribing agency: ARRUPE
151 ## - HEADING--GEOGRAPHIC NAME
- Geographic name: Great Britain
- General subdivision: History
- Chronological subdivision: Henry VIII, 1509-1547.
670 ## - SOURCE DATA FOUND
- Source citation: Work cat.: (ARRUPE)0: Lacey, Robert. 49243, The life and times of Henry VIII /, c1972